Państwa najbliższe Gruzji - jednominutowy sprint - Statystyki

Ogólne statystyki
  • Ten quiz został rozwiązany 154 razy
  • Średni wynik to 15 z 21
Statystyki odpowiedzi
Km Państwo % Poprawnych
0 Rosja
100%
0 Armenia
98%
0 Azerbejdżan
98%
0 Turcja
95%
162 Iran
86%
422 Irak
84%
337 Ukraina
80%
430 Kazachstan
74%
442 Syria
72%
1056 Izrael
71%
920 Bułgaria
64%
900 Liban
64%
842 Rumunia
64%
775 Uzbekistan
60%
480 Turkmenistan
59%
1117 Grecja
56%
966 Jordania
53%
843 Mołdawia
53%
1060 Arabia Saudyjska
47%
883 Cypr
43%
1116 Białoruś
40%
Nie znaleziono quizów pasujących do podanych kryteriów
Rozkład punktacji
Procent ludzi z każdym wynikiem
Percentyl według liczby udzielonych odpowiedzi
Twoja historia wyników
Nie rozwiązałeś tego quizu